[Event "ESP-ch Rapid 2018"]
[Site "Linares"]
[Date "2018.08.19"]
[Round "7"]
[White "Riquelme Valero, Manuel Damian"]
[Black "Vazquez Pino, Miguel A"]
[Result "0-1"]
[WhiteElo "2150"]
[BlackElo "1909"]
[Annotator "NA"]
[PlyCount "131"]
[EventDate "2018.08.19"]
[EventType "team-tourn"]
[EventCountry "ESP"]
[SourceTitle "playchess.com"]
[Source "ChessBase"]
[SourceQuality "1"]
[TimeControl "900+5"]

1. d4 {[%emt 0:00:00]} Nf6 {[%emt 0:00:00]} 2. c4 {[%emt 0:00:00]} e6 {[%emt 0:00:00]} 3. Nc3 {[%emt 0:00:00]} Bb4 {[%emt 0:00:00]} 4. f3 {[%emt 0:00:00]} d5 {[%emt 0:00:14]} 5. a3 {[%emt 0:00:03]} Bxc3+ {[%emt 0:00:08]} 6. bxc3 {[%emt 0:00:01]} O-O {[%emt 0:00:02]} 7. cxd5 {[%emt 0:00:04]} exd5 {[%emt 0:00:02]} 8. e3 Bf5 {[%emt 0:00:13]} 9. Ne2 {[%emt 0:00:03]} Nbd7 {[%emt 0:00:14]} 10. g4 {[%emt 0:00:10]} Bg6 {[%emt 0:00:03]} 11. h4 {[%emt 0:00:01]} h5 {[%emt 0:00:06]} 12. g5 {[%emt 0:00:07]} Ne8 {[%emt 0:00:08]} 13. Nf4 {[%emt 0:00:02]} c6 {[%emt 0:00:10]} 14. Nxg6 {[%emt 0:00:58]} fxg6 {[%emt 0:00:01]} 15. Bd3 {[%emt 0:00:01]} Qc7 {[%emt 0:00:01]} 16. Kf2 {[%emt 0:00:23]} Qd6 {[%emt 0:00:45]} 17. a4 {[%emt 0:00:01]} b6 {[%emt 0:00:07]} 18. f4 {[%emt 0:01:05]} c5 {[%emt 0:00:01]} 19. Kg2 {[%emt 0:00:39]} Nc7 {[%emt 0:00:23]} 20. Rf1 {[%emt 0:00:16]} Rae8 {[%emt 0:00:15]} 21. Ra2 {[%emt 0:00:20]} Qe6 {[%emt 0:00:54]} 22. Raf2 {[%emt 0:00:38]} Rf5 {[%emt 0:01:00]} 23. Qf3 {[%emt 0:01:34]} c4 {[%emt 0:00:33]} 24. Bc2 {[%emt 0:00:16]} Nb8 {[%emt 0:00:33]} 25. Re1 {[%emt 0:00:26]} Rf7 {[%emt 0:00:28]} 26. f5 {[%emt 0:00:26]} Qd7 {[%emt 0:00:37]} 27. Qh3 {[%emt 0:00:23]} Ref8 {[%emt 0:00:03]} 28. Ref1 {[%emt 0:00:01]} gxf5 {[%emt 0:00:10]} 29. Rxf5 {[%emt 0:00:56]} Rxf5 {[%emt 0:00:08]} 30. Rxf5 {[%emt 0:00:11]} Rxf5 {[%emt 0:00:01]} 31. Qxf5 {[%emt 0:00:07]} Qxf5 {[%emt 0:00:11]} 32. Bxf5 {[%emt 0:00:02]} Kf7 {[%emt 0:00:02]} 33. Ba3 {[%emt 0:00:52]} g6 {[%emt 0:00:01]} 34. Bc2 {[%emt 0:00:18]} b5 {[%emt 0:00:15]} 35. Bd6 {[%emt 0:00:55]} Nba6 {[%emt 0:00:01]} 36. a5 {[%emt 0:00:06]} Ne8 {[%emt 0:00:08]} 37. Ba3 {[%emt 0:00:39]} Nb8 {[%emt 0:00:13]} 38. e4 {[%emt 0:00:14]} Nc6 {[%emt 0:00:10]} 39. exd5 {[%emt 0:00:27]} Nxa5 {[%emt 0:00:02]} 40. d6 {[%emt 0:00:03]} Nb7 {[%emt 0:00:49]} 41. d7 {[%emt 0:00:08]} Nc7 {[%emt 0:00:07]} 42. Kf3 {[%emt 0:00:40]} Nd8 {[%emt 0:00:02]} 43. Bc5 {[%emt 0:00:20]} Nd5 {[%emt 0:00:09]} 44. Ke4 {[%emt 0:01:26]} Nxc3+ {[%emt 0:00:02]} 45. Ke5 {[%emt 0:00:01]} a5 {[%emt 0:00:28]} 46. Kd6 {[%emt 0:00:12]} b4 {[%emt 0:00:03]} 47. Bb6 {[%emt 0:00:15]} b3 {[%emt 0:00:03]} 48. Bb1 {[%emt 0:01:08]} Nb5+ {[%emt 0:00:13]} 49. Kc5 {[%emt 0:00:07]} c3 {[%emt 0:00:03]} 50. Bxd8 {[%emt 0:00:06]} c2 {[%emt 0:00:01]} 51. Bf6 {[%emt 0:00:20]} c1=Q+ {[%emt 0:00:02]} 52. Kxb5 {[%emt 0:00:02]} Qxb1 {[%emt 0:01:04]} 53. d8=Q {[%emt 0:00:03]} Qd3+ {[%emt 0:00:05]} 54. Kxa5 {[%emt 0:00:03]} Qc3+ {[%emt 0:00:02]} 55. Kb5 {[%emt 0:00:19]} Qd3+ {[%emt 0:00:05]} 56. Ka5 {[%emt 0:00:06]} Qc3+ {[%emt 0:00:03]} 57. Ka4 {[%emt 0:00:27]} Qc4+ {[%emt 0:00:07]} 58. Ka3 {[%emt 0:00:02]} Qa6+ {[%emt 0:00:07]} 59. Kxb3 {[%emt 0:00:01]} Qd3+ {[%emt 0:00:01]} 60. Kb4 {[%emt 0:00:01]} Qb1+ {[%emt 0:00:07]} 61. Kc5 {[%emt 0:00:02]} Qc2+ {[%emt 0:00:01]} 62. Kd5 {[%emt 0:00:01]} Qf5+ {[%emt 0:00:09]} 63. Kc6 {[%emt 0:00:03]} Qc2+ {[%emt 0:00:03]} 64. Kb7 {[%emt 0:00:02]} Qe4+ {[%emt 0:00:25]} 65. Kb8 {[%emt 0:00:04]} Qb1+ {[%emt 0:00:03]} 66. Kc8 {[%emt 0:00:03]} 0-1

[Event "ESP-ch Rapid 2018"]
[Site "Linares"]
[Date "2018.08.19"]
[Round "7"]
[White "Guadamuro Torrente, Anabel"]
[Black "Matnadze, Ana"]
[Result "0-1"]
[WhiteElo "2145"]
[BlackElo "2378"]
[Annotator "NA"]
[PlyCount "75"]
[EventDate "2018.08.19"]
[EventType "team-tourn"]
[EventCountry "ESP"]
[SourceTitle "playchess.com"]
[Source "ChessBase"]
[SourceQuality "1"]
[TimeControl "900+5"]

1. e4 {[%emt 0:00:00]} c6 {[%emt 0:00:00]} 2. d4 {[%emt 0:00:03]} d5 {[%emt 0:00:00]} 3. exd5 {[%emt 0:00:03]} cxd5 {[%emt 0:00:00]} 4. Bd3 {[%emt 0:00:02]} Nc6 {[%emt 0:00:01]} 5. c3 {[%emt 0:00:02]} Nf6 {[%emt 0:00:02]} 6. Nf3 {[%emt 0:00:04]} g6 {[%emt 0:00:02]} 7. O-O {[%emt 0:00:09]} Bg7 {[%emt 0:00:03]} 8. Bf4 {[%emt 0:00:25]} O-O {[%emt 0:00:02]} 9. h3 {[%emt 0:00:08]} Ne8 {[%emt 0:00:04]} 10. Re1 {[%emt 0:00:42]} Nd6 {[%emt 0:00:03]} 11. Nbd2 {[%emt 0:00:17]} f6 {[%emt 0:00:08]} 12. Qb3 {[%emt 0:01:55]} Nf7 {[%emt 0:00:13]} 13. Bg3 {[%emt 0:00:58]} e5 {[%emt 0:00:07]} 14. dxe5 {[%emt 0:01:29]} fxe5 {[%emt 0:00:02]} 15. Bb5 {[%emt 0:00:36]} e4 {[%emt 0:00:17]} 16. Bxc6 {[%emt 0:01:25]} bxc6 {[%emt 0:00:05]} 17. Nd4 {[%emt 0:00:02]} Bd7 {[%emt 0:00:51]} 18. Nf1 {[%emt 0:02:40]} h5 {[%emt 0:00:20]} 19. Qb7 {[%emt 0:00:35]} Qc8 {[%emt 0:00:20]} 20. Qxc8 {[%emt 0:00:11]} Rfxc8 {[%emt 0:00:08]} 21. Ne3 {[%emt 0:00:04]} a5 {[%emt 0:01:17]} 22. Rad1 {[%emt 0:00:17]} a4 {[%emt 0:01:27]} 23. c4 {[%emt 0:01:17]} c5 {[%emt 0:00:04]} 24. Nb5 {[%emt 0:02:07]} d4 {[%emt 0:00:15]} 25. Nd5 {[%emt 0:00:13]} Bf5 {[%emt 0:00:20]} 26. Nd6 {[%emt 0:00:53]} Nxd6 {[%emt 0:00:18]} 27. Bxd6 {[%emt 0:00:02]} Ra7 {[%emt 0:02:03]} 28. Ne7+ {[%emt 0:00:13]} Rxe7 {[%emt 0:00:02]} 29. Bxe7 {[%emt 0:00:01]} d3 {[%emt 0:01:00]} 30. b3 {[%emt 0:00:07]} axb3 {[%emt 0:00:16]} 31. axb3 {[%emt 0:00:01]} Bc3 {[%emt 0:00:01]} 32. Rf1 {[%emt 0:00:09]} Bd4 {[%emt 0:00:02]} 33. Bg5 {[%emt 0:00:09]} Rb8 {[%emt 0:00:06]} 34. Be3 {[%emt 0:00:02]} Rxb3 {[%emt 0:00:21]} 35. Rb1 {[%emt 0:00:27]} Rc3 {[%emt 0:00:03]} 36. Rfc1 {[%emt 0:00:02]} Ra3 {[%emt 0:01:06]} 37. Rb7 {[%emt 0:00:01]} Be6 {[%emt 0:00:35]} 38. Re7 0-1

[Event "ESP-ch Rapid 2018"]
[Site "Linares"]
[Date "2018.08.19"]
[Round "7"]
[White "Galvez Extremera, Francisco"]
[Black "Orantes Taboada, Francisco"]
[Result "0-1"]
[WhiteElo "2142"]
[BlackElo "2242"]
[Annotator "NA"]
[PlyCount "110"]
[EventDate "2018.08.19"]
[EventType "team-tourn"]
[EventCountry "ESP"]
[SourceTitle "playchess.com"]
[Source "ChessBase"]
[SourceQuality "1"]
[TimeControl "900+5"]

1. e4 {[%emt 0:00:00]} c5 {[%emt 0:00:00]} 2. d4 {[%emt 0:00:00]} cxd4 3. c3 {[%emt 0:00:01]} d3 {[%emt 0:00:00]} 4. Bxd3 {[%emt 0:00:03]} g6 {[%emt 0:00:01]} 5. Nf3 {[%emt 0:00:37]} Bg7 {[%emt 0:00:02]} 6. c4 {[%emt 0:00:07]} Nc6 {[%emt 0:00:04]} 7. O-O {[%emt 0:00:08]} d6 {[%emt 0:00:01]} 8. Nc3 {[%emt 0:00:17]} Nf6 {[%emt 0:00:02]} 9. Bg5 {[%emt 0:02:15]} O-O {[%emt 0:00:05]} 10. Rc1 {[%emt 0:00:18]} Nd7 {[%emt 0:00:29]} 11. b3 {[%emt 0:00:20]} Nc5 {[%emt 0:01:33]} 12. Bb1 {[%emt 0:00:52]} Bg4 {[%emt 0:00:49]} 13. h3 {[%emt 0:00:05]} Be6 {[%emt 0:00:11]} 14. Qd2 {[%emt 0:00:21]} Re8 {[%emt 0:00:16]} 15. Rfd1 {[%emt 0:00:17]} Qd7 {[%emt 0:00:47]} 16. Qf4 {[%emt 0:00:29]} a5 {[%emt 0:00:31]} 17. Bh6 {[%emt 0:00:51]} Bh8 {[%emt 0:00:10]} 18. Nd5 {[%emt 0:00:20]} Bxd5 {[%emt 0:00:09]} 19. Rxd5 {[%emt 0:00:28]} a4 {[%emt 0:00:53]} 20. Ng5 {[%emt 0:00:29]} f6 {[%emt 0:00:25]} 21. Nf3 {[%emt 0:02:52]} axb3 {[%emt 0:01:15]} 22. axb3 {[%emt 0:00:01]} Nxb3 {[%emt 0:00:01]} 23. Rcd1 {[%emt 0:00:02]} Qe6 {[%emt 0:00:08]} 24. Rb5 {[%emt 0:01:50]} Qxc4 {[%emt 0:00:46]} 25. Bd3 {[%emt 0:00:18]} Qf7 {[%emt 0:00:46]} 26. e5 {[%emt 0:00:32]} dxe5 {[%emt 0:00:43]} 27. Qe4 {[%emt 0:00:56]} Nbd4 {[%emt 0:00:19]} 28. Nxd4 {[%emt 0:00:09]} Nxd4 {[%emt 0:00:02]} 29. Rxb7 {[%emt 0:00:07]} Rac8 {[%emt 0:00:36]} 30. Be3 {[%emt 0:00:31]} f5 {[%emt 0:00:03]} 31. Qh4 {[%emt 0:00:11]} Bf6 {[%emt 0:00:04]} 32. Qh6 {[%emt 0:00:06]} Bg7 {[%emt 0:00:06]} 33. Qh4 {[%emt 0:00:06]} Bf6 {[%emt 0:00:21]} 34. Qh6 {[%emt 0:00:01]} Red8 {[%emt 0:00:07]} 35. Rc1 {[%emt 0:00:48]} Rxc1+ {[%emt 0:00:48]} 36. Bxc1 {[%emt 0:00:01]} e4 {[%emt 0:00:11]} 37. Bf1 {[%emt 0:00:14]} Qd5 {[%emt 0:00:10]} 38. Rc7 {[%emt 0:00:29]} Ne6 {[%emt 0:00:09]} 39. Bc4 {[%emt 0:00:03]} Qd1+ {[%emt 0:00:05]} 40. Kh2 {[%emt 0:00:02]} Qd6+ {[%emt 0:00:02]} 41. g3 {[%emt 0:00:02]} Qxc7 {[%emt 0:00:13]} 42. Bxe6+ {[%emt 0:00:02]} Kh8 {[%emt 0:00:01]} 43. Be3 {[%emt 0:00:08]} Qe5 {[%emt 0:00:12]} 44. Bf7 {[%emt 0:00:04]} Bg7 {[%emt 0:00:01]} 45. Qg5 {[%emt 0:00:17]} Qf6 {[%emt 0:00:03]} 46. Qxf6 {[%emt 0:00:11]} Bxf6 {[%emt 0:00:01]} 47. h4 {[%emt 0:00:04]} Kg7 {[%emt 0:00:01]} 48. Be6 {[%emt 0:00:02]} Rd6 {[%emt 0:00:01]} 49. Bc4 {[%emt 0:00:01]} Bd4 {[%emt 0:00:01]} 50. Bf4 {[%emt 0:00:02]} Rc6 {[%emt 0:00:02]} 51. Bd5 {[%emt 0:00:01]} Rc2 {[%emt 0:00:01]} 52. h5 {[%emt 0:00:07]} Rxf2+ {[%emt 0:00:09]} 53. Kh3 {[%emt 0:00:00]} Kf6 {[%emt 0:00:04]} 54. h6 {[%emt 0:00:04]} g5 {[%emt 0:00:04]} 55. Bc7 {[%emt 0:00:03]} g4+ {[%emt 0:00:05]} 0-1

[Event "ESP-ch Rapid 2018"]
[Site "Linares"]
[Date "2018.08.19"]
[Round "7"]
[White "Iglesias Leon, Francisco J"]
[Black "Rodrigo Yanguas, Maria"]
[Result "0-1"]
[WhiteElo "2129"]
[BlackElo "2062"]
[Annotator "NA"]
[PlyCount "86"]
[EventDate "2018.08.19"]
[EventType "team-tourn"]
[EventCountry "ESP"]
[SourceTitle "playchess.com"]
[Source "ChessBase"]
[SourceQuality "1"]
[TimeControl "900+5"]

1. Nf3 {[%emt 0:00:00]} Nf6 {[%emt 0:00:07]} 2. b3 {[%emt 0:00:00]} g6 {[%emt 0:00:09]} 3. Bb2 {[%emt 0:00:00]} Bg7 {[%emt 0:00:00]} 4. g3 {[%emt 0:00:02]} O-O 5. Bg2 {[%emt 0:00:02]} d6 {[%emt 0:00:03]} 6. d4 {[%emt 0:00:02]} c5 {[%emt 0:00:12]} 7. e3 {[%emt 0:00:17]} Nc6 {[%emt 0:00:16]} 8. O-O {[%emt 0:00:05]} Bf5 {[%emt 0:00:44]} 9. c4 {[%emt 0:00:45]} Rc8 {[%emt 0:00:44]} 10. Nc3 {[%emt 0:00:02]} Ne4 {[%emt 0:00:25]} 11. Nd5 {[%emt 0:01:36]} Qd7 {[%emt 0:00:30]} 12. Nd2 {[%emt 0:00:27]} Ng5 {[%emt 0:00:23]} 13. h4 {[%emt 0:01:43]} Nh3+ {[%emt 0:01:27]} 14. Kh2 {[%emt 0:00:02]} cxd4 {[%emt 0:00:01]} 15. exd4 {[%emt 0:00:06]} Nxd4 {[%emt 0:00:06]} 16. Nxe7+ {[%emt 0:00:24]} Qxe7 {[%emt 0:00:10]} 17. Bxh3 {[%emt 0:00:03]} Bxh3 {[%emt 0:00:18]} 18. Kxh3 {[%emt 0:00:02]} g5 {[%emt 0:00:37]} 19. hxg5 {[%emt 0:00:52]} Qxg5 {[%emt 0:00:11]} 20. Bxd4 {[%emt 0:00:58]} Bxd4 {[%emt 0:00:03]} 21. Rc1 {[%emt 0:00:05]} Bg7 {[%emt 0:02:01]} 22. Ne4 {[%emt 0:00:44]} Qf5+ {[%emt 0:00:08]} 23. Qg4 {[%emt 0:00:03]} Qxg4+ {[%emt 0:00:01]} 24. Kxg4 {[%emt 0:00:01]} f5+ {[%emt 0:00:01]} 25. Kf3 {[%emt 0:00:34]} fxe4+ {[%emt 0:00:01]} 26. Kxe4 {[%emt 0:00:01]} Rce8+ {[%emt 0:00:02]} 27. Kd5 {[%emt 0:00:29]} Re5+ {[%emt 0:00:06]} 28. Kxd6 {[%emt 0:00:02]} Rd8+ {[%emt 0:00:31]} 29. Kc7 {[%emt 0:00:05]} Rde8 {[%emt 0:00:52]} 30. Kxb7 {[%emt 0:01:51]} R8e7+ {[%emt 0:00:01]} 31. Kc6 {[%emt 0:00:02]} R7e6+ {[%emt 0:00:13]} 32. Kd7 {[%emt 0:00:02]} Re7+ {[%emt 0:00:41]} 33. Kc6 {[%emt 0:00:02]} Bf8 {[%emt 0:00:35]} 34. Rcd1 {[%emt 0:00:23]} R7e6+ {[%emt 0:00:05]} 35. Kd7 {[%emt 0:00:08]} Rb6 {[%emt 0:00:24]} 36. Rfe1 {[%emt 0:00:06]} Rg5 {[%emt 0:00:26]} 37. Kc8 {[%emt 0:00:41]} Rc5+ {[%emt 0:00:30]} 38. Kd8 {[%emt 0:00:34]} a5 {[%emt 0:00:35]} 39. Re4 {[%emt 0:00:52]} Rb7 {[%emt 0:00:35]} 40. Rd5 {[%emt 0:00:30]} Rcc7 {[%emt 0:00:24]} 41. Rg5+ {[%emt 0:01:08]} Kh8 {[%emt 0:00:15]} 42. Rf5 {[%emt 0:00:29]} Be7+ {[%emt 0:00:46]} 43. Ke8 {[%emt 0:00:03]} Bf6 0-1

[Event "ESP-ch Rapid 2018"]
[Site "Linares"]
[Date "2018.08.19"]
[Round "7"]
[White "Sanjuan Garcia, Miguel"]
[Black "Cuenca Jimenez, Jose Fernando"]
[Result "1-0"]
[WhiteElo "2115"]
[BlackElo "2506"]
[Annotator "TA"]
[PlyCount "133"]
[EventDate "2018.08.19"]
[EventType "team-tourn"]
[EventCountry "ESP"]
[SourceTitle "playchess.com"]
[Source "ChessBase"]
[SourceQuality "1"]

{[%evp 11,133,-23,-9,-9,13,8,14,6,7,-3,0,-24,0,-16,-27,-35,0,0,0,-99,-96,-106,-21,-13,-22,-56,-14,-90,0,-41,-41,-61,0,0,20,-70,-55,-71,-47,-52,0,-54,12,14,33,0,0,0,0,0,0,0,35,2,2,2,5,12,20,20,231,236,399,412,392,382,921,897,1936,1581,2028,2019,1843,1701,1644,1720,1363,1197,1737,1677,1496,1389,12839,12839,12839,12839,12845,12844,12846,12847,12847,12847,12848,12847,12847,12848,12849,12848,12849,12847,12848,12848,12851,29987,12851,29988,12851,29989,29989,29990,29990,29990,29990,29987,29987,29988,29988,29984,29984,29978,29986,29987,29991,29983]} 1. e4 e5 2. Nc3 Nf6 3. g3 Bc5 4. Bg2 d6 5. Nge2 a6 6. d3 {C26: Vienna Game: 2...Nf6, sidelines} Nc6 {LiveBook: 55 Games} 7. Nd5 (7. h3 Be6 8. f4 h6 9. f5 Bd7 10. b3 Nd4 11. Bb2 Bc6 12. Nxd4 Bxd4 13. Qe2 b5 14. Nd1 {1-0 (60) Nakamura,H (2774)-Topalov,V (2749) Saint Louis 2017}) 7... h6 $146 ({Predecessor:} 7... Nxd5 8. exd5 Ne7 9. O-O Nf5 10. Kh1 O-O 11. c3 Bd7 12. f4 f6 13. Ng1 {0-1 (56) Paulsen,L-Anderssen,A Vienna 1873}) 8. Be3 {The position is equal.} O-O 9. Bxc5 dxc5 10. Nxf6+ Qxf6 11. O-O Be6 12. f4 Bg4 {And now ...Nd4 would win.} 13. Qe1 Bxe2 14. Qxe2 exf4 15. gxf4 (15. c3 $11) 15... Qxb2 $17 16. Rab1 Qd4+ (16... Qxa2 $17 {Strongly threatening ...Rfb8.} 17. Rxb7 Nd4) 17. Kh1 $11 Rab8 18. Rg1 b5 19. Qg4 (19. e5 $11 Ne7 20. Qg4) 19... g6 (19... Rb6 $17 20. a3 Ne7) 20. Rbf1 Rb6 21. Qh3 Qg7 (21... Kh7 $15) 22. e5 f5 23. Bd5+ (23. Qe3 $11) 23... Kh7 $1 $15 24. Qg2 Ne7 25. Bb3 Rc6 (25... Rd8 $15) 26. c3 (26. Bd5 $11 Rb6 27. Bb3) 26... c4 ({Better is} 26... Rd8 $15) 27. dxc4 $11 bxc4 28. Bc2 (28. Ba4 $5 {[%cal Ra4c6]} Rb6 29. Rd1 $14) 28... Qf7 29. Rd1 Qe6 30. Rd4 Rb6 31. Rgd1 Rb2 {[#]} 32. Bxf5 $1 {[%mdl 512]} Nxf5 (32... Qxf5 33. Qxb2) 33. Rd7+ Kg8 $1 34. Qxb2 Ne3 $1 {Threatens to win with ...Qc6+.} 35. R1d4 {Rd8 is the strong threat.} Qh3 $2 (35... Nf5 $1 $11 {and Black has nothing to worry.}) 36. Qe2 $18 Nf5 $2 (36... a5 {is a better defense.} 37. Rd8 (37. Rxc7 Rb8 $16) 37... Rxd8 38. Rxd8+ Kh7) 37. Qxc4+ Kh8 {[#] Hoping for ...Qf3+.} 38. Qd3 $1 {[%cal Rd3h3]} Qh4 $2 (38... Ne3 39. Qe2 Nf5) 39. Rd8 Qe1+ 40. Kg2 Nxd4 41. Rxf8+ {[%mdl 4096] Endgame KQR-KQN} Kg7 42. Rd8 Qe2+ 43. Qxe2 Nxe2 {KR-KN} 44. Kf3 Nxc3 45. Rd7+ Kf8 46. Rxc7 Nxa2 47. Ra7 Nb4 48. Ke4 h5 49. e6 Ke8 50. f5 {White wants to mate with f6.} gxf5+ 51. Kxf5 h4 52. Kf6 {[%cal Ra7a8]} Nd5+ 53. Ke5 Ne3 54. Rxa6 h3 55. Kf6 {[%cal Ra6a8]} Ng4+ 56. Kg5 Nxh2 57. Ra3 Ke7 58. Kf5 (58. Rxh3 $18 Kxe6 59. Rxh2 Kd5 60. Kf5 Kc4 61. Ke4 Kb5 62. Kd5 Kb6 63. Rc2) 58... Nf1 59. Rxh3 Nd2 {White mates.} 60. Rh7+ Ke8 61. e7 Kd7 62. Kf6 Ne4+ 63. Ke5 Nc5 64. Kd5 Nd3 65. Kd4 Nf4 66. Ke5 Nd3+ 67. Ke4 {Precision: White = 45%, Black = 31%.} 1-0

[Event "ESP-ch Rapid 2018"]
[Site "Linares"]
[Date "2018.08.19"]
[Round "7"]
[White "Perdomo Araujo, Angel Eduardo"]
[Black "Alvarez Serrano, Carlos"]
[Result "0-1"]
[WhiteElo "2100"]
[BlackElo "2225"]
[Annotator "NA"]
[PlyCount "116"]
[EventDate "2018.08.19"]
[EventType "team-tourn"]
[EventCountry "ESP"]
[SourceTitle "playchess.com"]
[Source "ChessBase"]
[SourceQuality "1"]
[TimeControl "900+5"]

1. e4 {[%emt 0:00:00]} c5 {[%emt 0:00:00]} 2. Nf3 {[%emt 0:00:00]} d6 {[%emt 0:00:00]} 3. Nc3 {[%emt 0:00:00]} Nf6 {[%emt 0:00:00]} 4. d4 {[%emt 0:00:00]} cxd4 {[%emt 0:00:00]} 5. Nxd4 {[%emt 0:00:00]} a6 {[%emt 0:00:00]} 6. g3 {[%emt 0:00:03]} e5 {[%emt 0:00:05]} 7. Nb3 {[%emt 0:00:01]} Be6 {[%emt 0:00:02]} 8. Bg2 {[%emt 0:00:01]} Nbd7 {[%emt 0:00:09]} 9. O-O {[%emt 0:00:02]} Rc8 {[%emt 0:00:02]} 10. h3 {[%emt 0:00:18]} b5 {[%emt 0:00:09]} 11. Be3 {[%emt 0:00:15]} Nb6 {[%emt 0:00:05]} 12. Bxb6 {[%emt 0:00:39]} Qxb6 {[%emt 0:00:02]} 13. Nd5 {[%emt 0:00:01]} Nxd5 {[%emt 0:00:13]} 14. exd5 {[%emt 0:00:02]} Bf5 {[%emt 0:00:01]} 15. c3 {[%emt 0:00:01]} Be7 {[%emt 0:00:08]} 16. Kh2 {[%emt 0:00:32]} O-O {[%emt 0:00:32]} 17. Qe2 {[%emt 0:00:01]} a5 {[%emt 0:00:04]} 18. f4 Bd7 {[%emt 0:00:44]} 19. fxe5 {[%emt 0:00:27]} dxe5 {[%emt 0:00:01]} 20. Qxe5 {[%emt 0:00:22]} Bd6 {[%emt 0:00:01]} 21. Qd4 {[%emt 0:00:40]} Qb8 {[%emt 0:00:04]} 22. Qf2 {[%emt 0:00:14]} h5 {[%emt 0:00:12]} 23. h4 {[%emt 0:00:08]} Qc7 {[%emt 0:00:27]} 24. Nd4 {[%emt 0:00:44]} Qd8 {[%emt 0:00:03]} 25. Kh1 {[%emt 0:00:25]} Qc7 {[%emt 0:00:00]} 26. Ne2 {[%emt 0:00:23]} Rce8 {[%emt 0:00:25]} 27. Rae1 {[%emt 0:00:27]} Re5 {[%emt 0:00:17]} 28. Nf4 {[%emt 0:00:59]} Rf5 {[%emt 0:00:01]} 29. Re4 {[%emt 0:00:35]} Re8 {[%emt 0:00:32]} 30. Rxe8+ {[%emt 0:00:18]} Bxe8 {[%emt 0:00:01]} 31. Qe2 {[%emt 0:00:10]} Re5 {[%emt 0:00:24]} 32. Qd1 {[%emt 0:00:20]} g6 {[%emt 0:00:01]} 33. Qd3 {[%emt 0:00:12]} Kg7 {[%emt 0:00:25]} 34. Qf3 {[%emt 0:00:43]} Qe7 {[%emt 0:00:25]} 35. a3 {[%emt 0:00:28]} Bd7 {[%emt 0:00:06]} 36. Qf2 {[%emt 0:00:16]} Bg4 {[%emt 0:00:19]} 37. Qb6 {[%emt 0:00:22]} Re1 {[%emt 0:00:19]} 38. Ne6+ fxe6 {[%emt 0:00:22]} 39. Rxe1 {[%emt 0:00:21]} Bxg3 {[%emt 0:00:01]} 40. Qd4+ e5 41. Qe3 {[%emt 0:01:51]} Qxh4+ {[%emt 0:00:24]} 42. Kg1 {[%emt 0:00:01]} Bxe1 {[%emt 0:00:31]} 43. Qxe5+ {[%emt 0:00:01]} Kh7 {[%emt 0:00:28]} 44. Qc7+ {[%emt 0:00:06]} Kg8 {[%emt 0:00:48]} 45. Qb8+ {[%emt 0:00:03]} Kf7 {[%emt 0:00:06]} 46. Qc7+ {[%emt 0:00:02]} Qe7 {[%emt 0:00:05]} 47. Qf4+ {[%emt 0:00:49]} Kg7 {[%emt 0:00:01]} 48. d6 {[%emt 0:00:07]} Qf6 {[%emt 0:00:01]} 49. Qe3 {[%emt 0:00:13]} Bh4 {[%emt 0:00:15]} 50. Qa7+ {[%emt 0:00:56]} Qf7 {[%emt 0:00:12]} 51. Qd4+ {[%emt 0:00:23]} Kh7 {[%emt 0:00:25]} 52. Bc6 {[%emt 0:00:15]} Bf6 {[%emt 0:00:37]} 53. Qc5 {[%emt 0:00:41]} b4 {[%emt 0:00:45]} 54. axb4 {[%emt 0:00:29]} axb4 {[%emt 0:00:01]} 55. Qxb4 {[%emt 0:00:16]} Qe6 {[%emt 0:00:13]} 56. Qf4 {[%emt 0:01:25]} Be5 {[%emt 0:00:20]} 57. Qe3 {[%emt 0:01:00]} Bh2+ {[%emt 0:00:06]} 58. Kf2 {[%emt 0:00:01]} Bg1+ {[%emt 0:00:02]} 0-1

[Event "ESP-ch Rapid 2018"]
[Site "Linares"]
[Date "2018.08.19"]
[Round "7"]
[White "Arroyo Rodriguez, Jesus"]
[Black "Cuesta Bustos, Raul"]
[Result "1/2-1/2"]
[WhiteElo "2099"]
[BlackElo "2126"]
[Annotator "NA"]
[PlyCount "72"]
[EventDate "2018.08.19"]
[EventType "team-tourn"]
[EventCountry "ESP"]
[SourceTitle "playchess.com"]
[Source "ChessBase"]
[SourceQuality "1"]
[TimeControl "900+5"]

1. Nf3 {[%emt 0:00:00]} Nf6 {[%emt 0:00:00]} 2. g3 {[%emt 0:00:00]} g6 {[%emt 0:00:08]} 3. b3 {[%emt 0:00:00]} Bg7 {[%emt 0:00:02]} 4. Bb2 {[%emt 0:00:00]} d6 {[%emt 0:00:12]} 5. Bg2 {[%emt 0:00:21]} Nc6 {[%emt 0:00:01]} 6. d4 {[%emt 0:00:39]} Bf5 {[%emt 0:00:59]} 7. Nh4 {[%emt 0:00:46]} Bd7 {[%emt 0:00:26]} 8. d5 {[%emt 0:02:17]} Ne5 {[%emt 0:00:33]} 9. Qc1 {[%emt 0:03:42]} c6 {[%emt 0:01:30]} 10. f4 {[%emt 0:00:17]} Neg4 {[%emt 0:00:55]} 11. h3 {[%emt 0:00:18]} Nh6 {[%emt 0:00:06]} 12. e4 {[%emt 0:02:34]} e6 {[%emt 0:03:38]} 13. c4 {[%emt 0:00:13]} cxd5 {[%emt 0:00:10]} 14. exd5 {[%emt 0:01:08]} exd5 {[%emt 0:00:55]} 15. Bxd5 {[%emt 0:00:37]} O-O {[%emt 0:00:20]} 16. Bf3 {[%emt 0:01:02]} Re8+ {[%emt 0:00:03]} 17. Kf1 {[%emt 0:00:03]} Nf5 {[%emt 0:00:43]} 18. Nxf5 {[%emt 0:00:14]} Bxf5 {[%emt 0:00:01]} 19. Nd2 {[%emt 0:00:24]} Ne4 {[%emt 0:01:13]} 20. Kg2 {[%emt 0:00:48]} Bxb2 {[%emt 0:00:29]} 21. Qxb2 {[%emt 0:00:01]} Qa5 {[%emt 0:00:36]} 22. Nxe4 {[%emt 0:00:25]} Bxe4 {[%emt 0:00:03]} 23. Rad1 {[%emt 0:00:04]} Bxf3+ {[%emt 0:02:57]} 24. Kxf3 {[%emt 0:00:01]} Re6 {[%emt 0:00:00]} 25. Qd2 {[%emt 0:00:02]} Qc5 {[%emt 0:00:23]} 26. Qd4 {[%emt 0:00:07]} Qc6+ {[%emt 0:00:08]} 27. Qd5 {[%emt 0:00:08]} Qa6 {[%emt 0:00:01]} 28. Rd2 {[%emt 0:00:17]} Rae8 {[%emt 0:00:02]} 29. Rhd1 {[%emt 0:00:07]} Qb6 {[%emt 0:00:33]} 30. Qd4 {[%emt 0:00:06]} Qc6+ {[%emt 0:00:01]} 31. Qd5 {[%emt 0:00:02]} Qb6 {[%emt 0:00:01]} 32. Qd4 Re3+ 33. Kg2 Re2+ 34. Kf1 Qc6 35. Qd5 Qxd5 36. cxd5 R2e3 1/2-1/2